000
00291nam a22001217a 4500
020
_a
978-1-84205-675-2
082
_a
823
_b
GED/S
100
_a
GEDDES & GROSSET
245
_a
SIMPLY DREADFUL JOKES
260
_a
SCOTLAND
_b
GEDDES & GROSSET
_c
2010
650
_a
JOKES
_z
UNITED KINGDOM
942
_c
BK
999
_c
5728
_d
5728